[Event "Chess Olympiad"]
[Site "Batumi GEO"]
[Date "2018.09.26"]
[EventDate "2018.09.24"]
[Round "3.14"]
[Result "0-1"]
[White "Alexei Fedorov"]
[Black "Alireza Firouzja"]
[WhiteElo "2568"]
[BlackElo "2582"]
[PlyCount "92"]

1. e4 c5 2. Nf3 Nc6 3. d4 cxd4 4. Nxd4 e6 5. Nb5 d6 6. c4 Nf6 7. N1c3 a6 8. Na3
Qa5 9. Bd2 Be7 10. Nc2 O-O 11. Be2 Qc7 12. O-O Ne5 13. Ne3 b6 14. f4 Ng6 15. Rc1
Bb7 16. Bd3 Qb8 17. a4 Rd8 18. Qf3 b5 19. axb5 axb5 20. cxb5 d5 21. exd5 exd5
22. Nf5 Bc5+ 23. Kh1 d4 24. Ne4 Nxe4 25. Bxe4 Bxe4 26. Qxe4 Qxb5 27. Nxg7 Bf8
28. Nf5 Re8 29. Qb1 Rad8 30. Ng3 Nh4 31. Rf2 f5 32. b4 Qd5 33. Qd3 Re6 34. h3
Rg6 35. Re1 Bd6 36. Ra1 Bc7 37. b5 Kh8 38. Ra6 Bd6 39. Ba5 Rdg8 40. Bb6 Be5 41.
Qe2 Bf6 42. Nh5 d3 43. Qa2 Qe4 44. Ba5 Rxg2 45. Rxg2 Rxg2 46. Nxf6 Qf3 0-1

[Event "Chess Olympiad"]
[Site "Batumi GEO"]
[Date "2018.09.27"]
[EventDate "2018.09.24"]
[Round "4.4"]
[Result "1/2-1/2"]
[White "Alireza Firouzja"]
[Black "Peter Michalik"]
[WhiteElo "2582"]
[BlackElo "2556"]
[PlyCount "140"]

1. Nf3 d5 2. e3 Nf6 3. c4 c6 4. d4 Bg4 5. h3 Bh5 6. Nc3 e6 7. g4 Bg6 8. Ne5 Nbd7
9. Nxg6 hxg6 10. g5 Ne4 11. Nxe4 dxe4 12. Qg4 Qa5+ 13. Ke2 Qf5 14. Bg2 Be7 15.
Bxe4 Qxg5 16. Qxg5 Bxg5 17. b4 O-O-O 18. Rb1 f5 19. Bg2 Bf6 20. c5 e5 21. dxe5
Nxe5 22. b5 Rhe8 23. Bd2 Nc4 24. Bc1 Re5 25. bxc6 bxc6 26. Bxc6 Rxc5 27. Ba4 Nb6
28. Bb3 Nd5 29. Kf3 Nc3 30. Rb2 Ne4 31. Rc2 Kb7 32. h4 Nd2+ 33. Bxd2 Rxc2 34.
Bxc2 Rxd2 35. Bb3 a5 36. Bf7 a4 37. Rb1+ Ka6 38. Kg3 g5 39. hxg5 Bxg5 40. Bc4+
Ka7 41. Rb4 Bd8 42. Rxa4+ Kb7 43. Ba6+ Kc6 44. Bc8 g6 45. Ra6+ Kc7 46. Be6 Rd6
47. Ra7+ Kb6 48. Rd7 Kc6 49. Rxd6+ Kxd6 50. Bf7 g5 51. f3 Ke5 52. Kf2 Bb6 53.
Ke2 Bc5 54. a4 Bb4 55. Be8 Ba5 56. Bd7 Bb6 57. Kd3 Ba7 58. a5 Bc5 59. a6 Ba7 60.
Bc8 Bb6 61. e4 g4 62. f4+ Kxf4 63. Bxf5 Ba7 64. Bxg4 Kxg4 65. Kc4 Kg5 66. Kd5
Kf6 67. Kd6 Kf7 68. Kd7 Kf6 69. Kd6 Kf7 70. e5 Ke8 1/2-1/2

[Event "Chess Olympiad"]
[Site "Batumi GEO"]
[Date "2018.09.28"]
[EventDate "2018.09.24"]
[Round "5.12"]
[Result "1/2-1/2"]
[White "Alireza Firouzja"]
[Black "Aleksandr Volodin"]
[WhiteElo "2582"]
[BlackElo "2457"]
[PlyCount "204"]

1. e4 c5 2. Nf3 g6 3. d4 cxd4 4. Nxd4 Bg7 5. c4 Nc6 6. Be3 Nf6 7. Nc3 d6 8. f3
O-O 9. Qd2 Nxd4 10. Bxd4 Bd7 11. O-O-O Be6 12. Kb1 a6 13. g4 Rc8 14. b3 Nd7 15.
Bxg7 Kxg7 16. h4 Qa5 17. Kb2 f6 18. Be2 Bf7 19. g5 f5 20. exf5 Qxf5 21. f4 Nc5
22. b4 Nd7 23. Bd3 Qg4 24. Rdg1 Qe6 25. Nd5 b5 26. Re1 Ne5 27. fxe5 bxc4 28. Be4
c3+ 29. Nxc3 Qc4 30. Nd5 dxe5 31. Qc3 Qxa2+ 32. Kxa2 Rxc3 33. Rhf1 Rh3 34. Kb2
Rb8 35. Rh1 Rg3 36. Reg1 Rxg1 37. Rxg1 Bxd5 38. Bxd5 Rxb4+ 39. Kc3 Rxh4 40. Re1
e4 41. Rf1 Rh3+ 42. Kd4 Rf3 43. Rg1 Rf5 44. Bxe4 Rb5 45. Bd5 h6 46. gxh6+ Kxh6
47. Re1 a5 48. Rxe7 Kg5 49. Be4 Rb6 50. Ke3 Ra6 51. Bd3 Kf6 52. Rd7 Ra8 53. Rd6+
Ke5 54. Rxg6 a4 55. Rg5+ Kf6 56. Rf5+ Ke7 57. Bc4 a3 58. Ba2 Kd6 59. Kd4 Ra4+
60. Kc3 Ra7 61. Kb4 Rb7+ 62. Kxa3 Ra7+ 63. Kb2 Rb7+ 64. Kc3 Rc7+ 65. Kd4 Ke7 66.
Ke5 Rc5+ 67. Bd5 Rc7 68. Rh5 Rd7 69. Bc6 Rc7 70. Kd5 Kf6 71. Rh1 Re7 72. Rf1+
Kg5 73. Kd4 Ra7 74. Ke5 Re7+ 75. Kd4 Ra7 76. Bd5 Re7 77. Rf8 Rg7 78. Ke5 Kg4 79.
Rf4+ Kg3 80. Rf3+ Kg4 81. Ra3 Rg5+ 82. Ke4 Rg6 83. Ra1 Rg5 84. Bc6 Kg3 85. Ke3
Re5+ 86. Be4 Rg5 87. Rb1 Kg4 88. Bf3+ Kf5 89. Rd1 Ke5 90. Rd4 Rf5 91. Bg4 Rf1
92. Ra4 Re1+ 93. Be2 Rc1 94. Ra5+ Kd6 95. Kd4 Rc2 96. Bc4 Rd2+ 97. Bd3 Rd1 98.
Ra6+ Kc7 99. Kc4 Rh1 100. Be4 Rc1+ 101. Kd5 Rd1+ 102. Ke5 Re1 1/2-1/2

[Event "Chess Olympiad"]
[Site "Batumi GEO"]
[Date "2018.09.30"]
[EventDate "2018.09.24"]
[Round "6.5"]
[Result "1/2-1/2"]
[White "Chao b Li"]
[Black "Alireza Firouzja"]
[WhiteElo "2708"]
[BlackElo "2582"]
[PlyCount "66"]

1. e4 c5 2. Nf3 d6 3. d4 cxd4 4. Nxd4 Nf6 5. Nc3 a6 6. h3 Nc6 7. g4 g6 8. Be3
Nxd4 9. Bxd4 Bh6 10. Qe2 O-O 11. Bg2 e5 12. Be3 Bxe3 13. Qxe3 b5 14. a3 Rb8 15.
f4 Qb6 16. Qd2 a5 17. g5 Nh5 18. Nd5 Qd8 19. fxe5 dxe5 20. Bf3 Nf4 21. Nxf4
Qxd2+ 22. Kxd2 exf4 23. Raf1 b4 24. Be2 Rd8+ 25. Kc1 bxa3 26. bxa3 Be6 27. Bd3
Rd4 28. Kd2 Ra4 29. Ra1 Rd8 30. Ke2 Rc8 31. Kd2 Rd8 32. Ke2 Rc8 33. Kd2 Rd8 1/2-1/2

[Event "Chess Olympiad"]
[Site "Batumi GEO"]
[Date "2018.10.01"]
[EventDate "2018.09.24"]
[Round "7.12"]
[Result "0-1"]
[White "Jose Manuel Dominguez"]
[Black "Alireza Firouzja"]
[WhiteElo "2283"]
[BlackElo "2582"]
[PlyCount "124"]

1. Nf3 c5 2. e4 Nc6 3. Be2 Nf6 4. d3 g6 5. O-O Bg7 6. Nbd2 O-O 7. c3 d6 8. Re1
e5 9. Nf1 h6 10. Ng3 d5 11. a3 a5 12. exd5 Nxd5 13. a4 b6 14. Bf1 Ba6 15. Qc2 f5
16. Nd2 Qc7 17. Qb3 Rad8 18. Nc4 Kh7 19. Be2 Nce7 20. Bd2 Bc8 21. Rad1 Be6 22.
Bf3 Bf7 23. Bc1 Nc8 24. Qc2 Nf4 25. Na3 Ne6 26. Nb5 Qe7 27. Bc6 Qf6 28. Bb7 Nd6
29. Nxd6 Rxd6 30. Bf3 Ng5 31. Be2 Bd5 32. Nf1 Rd7 33. Ne3 Ba8 34. Nc4 Qc6 35. f3
Qc7 36. Qb3 Rb8 37. Na3 Bd5 38. Qc2 Ne6 39. Nc4 Bf6 40. Bf1 Nd8 41. Qf2 Nf7 42.
f4 Bxc4 43. dxc4 Rbd8 44. Rxd7 Qxd7 45. Qc2 exf4 46. Bxf4 Bg5 47. g3 Bxf4 48.
gxf4 Re8 49. Rd1 Qc7 50. Qf2 Re4 51. Bg2 Rxf4 52. Qg3 h5 53. Qe3 Rg4 54. Qe6 Kh6
55. h3 Ng5 56. Qe3 Rg3 57. Qd2 f4 58. Kh1 Nxh3 59. Qd6 Nf2+ 60. Kh2 Ng4+ 61. Kh1
Qxd6 62. Rxd6 f3 0-1

[Event "Chess Olympiad"]
[Site "Batumi GEO"]
[Date "2018.10.02"]
[EventDate "2018.09.24"]
[Round "8.8"]
[Result "1/2-1/2"]
[White "Alireza Firouzja"]
[Black "Sasa Martinovic"]
[WhiteElo "2582"]
[BlackElo "2567"]
[PlyCount "66"]

1. e4 c5 2. Nf3 d6 3. d4 cxd4 4. Nxd4 Nf6 5. Nc3 Nc6 6. Bg5 e6 7. Qd2 a6 8.
O-O-O Bd7 9. f4 b5 10. Bxf6 gxf6 11. Kb1 Qb6 12. Nxc6 Bxc6 13. Qe1 O-O-O 14. Bd3
Rg8 15. f5 Rxg2 16. Qh4 b4 17. Ne2 e5 18. Qxf6 Qc7 19. Qh4 Kb8 20. Bxa6 d5 21.
Qh3 Rf2 22. Qxh7 Bc5 23. Qh4 Ka7 24. exd5 Bxd5 25. Rhe1 e4 26. Bb5 Rxh2 27. Qf6
Rd6 28. Qg7 Kb6 29. Qe5 Bb7 30. Qe8 Qc8 31. Qe5 Qc7 32. Qe8 Qc8 33. Qe5 1/2-1/2

[Event "Chess Olympiad"]
[Site "Batumi GEO"]
[Date "2018.10.03"]
[EventDate "2018.09.24"]
[Round "9.17"]
[Result "1-0"]
[White "Alireza Firouzja"]
[Black "Gombosuren Munkhgal"]
[WhiteElo "2582"]
[BlackElo "2452"]
[PlyCount "108"]

1. e4 e6 2. d4 d5 3. Nc3 Nf6 4. Bg5 dxe4 5. Nxe4 Be7 6. Bxf6 gxf6 7. Nc3 a6 8.
g3 e5 9. Nf3 Bg4 10. h3 exd4 11. hxg4 dxc3 12. Qxd8+ Bxd8 13. bxc3 c5 14. Rh5
Nd7 15. O-O-O Bc7 16. Bc4 Ne5 17. Nxe5 Bxe5 18. f4 Bxc3 19. Rxc5 Rd8 20. Bd5 Bb4
21. Rc7 O-O 22. Rxf7 Ba3+ 23. Kb1 Rfe8 24. Re7+ Kf8 25. Rxe8+ Rxe8 26. Bxb7 Rb8
27. Rd7 Ke8 28. Rc7 Bd6 29. Rc8+ Rxc8 30. Bxc8 a5 31. Bf5 h6 32. Kb2 Bc5 33. Kb3
Bf2 34. Ka4 Be1 35. Kb5 Kd8 36. Kb6 Bc3 37. a4 Ke7 38. Kc7 Ke8 39. Be6 Ke7 40.
Bd7 Kf7 41. Kd8 Bd4 42. Bf5 Bc3 43. Kd7 Kf8 44. Be6 Bb4 45. c4 Bc5 46. Bf5 Kf7
47. Kc6 Bf2 48. Kd6 Ke8 49. c5 Bxg3 50. Kc7 Bxf4+ 51. Kc8 Ke7 52. c6 Kd6 53. Kb7
Kc5 54. c7 1-0

[Event "Chess Olympiad"]
[Site "Batumi GEO"]
[Date "2018.10.05"]
[EventDate "2018.09.24"]
[Round "11.15"]
[Result "1-0"]
[White "Alireza Firouzja"]
[Black "Giga Quparadze"]
[WhiteElo "2582"]
[BlackElo "2495"]
[PlyCount "57"]

1. e4 c5 2. Nf3 e6 3. d4 cxd4 4. Nxd4 a6 5. Bd3 g6 6. Nc3 Bg7
7. Be3 Ne7 8. Qd2 O-O 9. Nf3 d5 10. Bh6 Nbc6 11. h4 dxe4
12. Nxe4 Qa5 13. c3 Ne5 14. Bxg7 Nxf3+ 15. gxf3 Kxg7 16. h5
Ng8 17. O-O-O e5 18. hxg6 fxg6 19. Bc4 Qc7 20. Qg5 Bf5
21. Rxh7+ Kxh7 22. Rh1+ Kg7 23. Qh4 Rf7 24. Qh8+ Kf8 25. Bxf7
Qxf7 26. Rh7 Qe6 27. Qg7+ Ke8 28. Nd6+ Qxd6 29. Qf7+ 1-0

[Event "World Rapid Championship"]
[Site "St Petersburg RUS"]
[Date "2018.12.26"]
[EventDate "2018.12.26"]
[Round "1.66"]
[Result "0-1"]
[White "Denis Khismatullin"]
[Black "Alireza Firouzja"]
[WhiteElo "2621"]
[BlackElo "2607"]
[PlyCount "104"]

1. d4 Nf6 2. c4 g6 3. Nf3 Bg7 4. g3 O-O 5. Bg2 d6 6. Nc3 c5 7. O-O Nc6 8. d5 Na5
9. Nd2 a6 10. Rb1 Rb8 11. Qc2 b5 12. cxb5 axb5 13. b4 cxb4 14. Rxb4 Bd7 15. Bb2
Qc7 16. Rc1 Ng4 17. Qb1 Qa7 18. Nd1 Bxb2 19. Qxb2 Rfc8 20. Rb1 Ra8 21. Bf1 Ne5
22. e4 Nac4 23. Nxc4 bxc4 24. Nc3 Qd4 25. a4 Bg4 26. h3 Bf3 27. Re1 f5 28. exf5
gxf5 29. Rb7 Be4 30. Re3 Nf3+ 31. Kh1 Ne5+ 32. Kh2 Kf8 33. Qc1 Bd3 34. Bg2 Rab8
35. Nb5 Qc5 36. Rxe5 Rxb7 37. Qh6+ Kg8 38. Re3 Kh8 39. Qh4 Re8 40. Nd4 Qb4 41.
Nc6 Qb2 42. Nxe7 f4 43. Qxf4 Rbb8 44. Qxd6 Rf8 45. f4 Qf6 46. Re6 Qg7 47. Qc5
Rb2 48. d6 Bf1 49. Nf5 Rxg2+ 50. Kh1 Qb2 51. Qe5+ Qxe5 52. fxe5 Rd2 0-1

[Event "World Rapid Championship"]
[Site "St Petersburg RUS"]
[Date "2018.12.26"]
[EventDate "2018.12.26"]
[Round "2.34"]
[Result "1-0"]
[White "Alireza Firouzja"]
[Black "Boris Grachev"]
[WhiteElo "2607"]
[BlackElo "2626"]
[PlyCount "94"]

1. d4 d5 2. c4 e6 3. g3 Nf6 4. Bg2 dxc4 5. Nf3 Bd7 6. Ne5 Bc6 7. Nxc6 Nxc6 8.
O-O Qd7 9. e3 Rd8 10. Qe2 e5 11. Nc3 Be7 12. d5 Nb4 13. e4 Nd3 14. Be3 b5 15. a4
a6 16. axb5 axb5 17. b3 O-O 18. bxc4 bxc4 19. Qa2 Nb4 20. Qe2 Nd3 21. Ra6 Ne8
22. Bf3 Nd6 23. Bg4 f5 24. exf5 Bf6 25. Rc6 Ra8 26. Bf3 Rfb8 27. Ne4 Rb2 28. Qd1
Rba2 29. Nxd6 cxd6 30. Be4 R2a3 31. Qc2 Qe7 32. Qxc4 R8a4 33. Rc8+ Kf7 34. Qc2
Rxe4 35. Rc7 Rea4 36. Rxe7+ Bxe7 37. Qc8 Ra8 38. Qe6+ Kf8 39. Rb1 Ra1 40. Rxa1
Rxa1+ 41. Kg2 Ne1+ 42. Kh3 Nf3 43. f6 Bxf6 44. Qxd6+ Be7 45. Qb8+ Kf7 46. d6 Rh1
47. Kg2 1-0

[Event "World Rapid Championship"]
[Site "St Petersburg RUS"]
[Date "2018.12.26"]
[EventDate "2018.12.26"]
[Round "3.15"]
[Result "1/2-1/2"]
[White "Alexander Morozevich"]
[Black "Alireza Firouzja"]
[WhiteElo "2656"]
[BlackElo "2607"]
[PlyCount "82"]

1. e4 c5 2. Nf3 Nc6 3. d4 cxd4 4. Nxd4 Nf6 5. Nc3 d6 6. Bc4 e6 7. Be3 a6 8. Bb3
Na5 9. f4 Qc7 10. g4 Nc4 11. Qe2 Nxb2 12. Bd2 Qc5 13. Nf5 exf5 14. exf5+ Be7 15.
Rb1 O-O 16. Rxb2 Re8 17. Kd1 Bf8 18. Qc4 Qxc4 19. Bxc4 Nxg4 20. Rg1 Bxf5 21.
Rxb7 Re7 22. Rxe7 Bxe7 23. Nd5 Bh4 24. Be1 Bd8 25. h3 Nf6 26. Bc3 Kf8 27. Nxf6
Bxf6 28. Bxf6 gxf6 29. Rg3 Rc8 30. Bb3 Be4 31. Kd2 Rc5 32. Re3 Bf5 33. h4 Bd7
34. Rc3 Be6 35. Rxc5 dxc5 36. Kc3 Ke7 37. Bc4 a5 38. a3 Kd6 39. Be2 h6 40. Bf3
Bd5 41. Be2 Be6 1/2-1/2

[Event "World Rapid Championship"]
[Site "St Petersburg RUS"]
[Date "2018.12.26"]
[EventDate "2018.12.26"]
[Round "4.19"]
[Result "1-0"]
[White "Alireza Firouzja"]
[Black "Ivan Cheparinov"]
[WhiteElo "2607"]
[BlackElo "2709"]
[PlyCount "116"]

1. e4 e5 2. Nf3 Nc6 3. Bb5 Nf6 4. d3 Bc5 5. c3 O-O 6. Bg5 h6 7. Bh4 g5 8. Bg3 d6
9. Nbd2 Nh5 10. a4 a6 11. Bc4 Qf6 12. Qe2 g4 13. Nh4 Nf4 14. Bxf4 exf4 15. g3 f3
16. Qd1 Ne5 17. d4 Nxc4 18. Nxc4 Ba7 19. O-O Be6 20. Ne3 Rfe8 21. Re1 c6 22.
Nhf5 Bxf5 23. Nxf5 d5 24. Qd3 Re6 25. exd5 cxd5 26. Ne3 Rae8 27. Kf1 Qg5 28. Qf5
Qxf5 29. Nxf5 h5 30. Ne3 Rd8 31. a5 Kg7 32. Ra3 Kg6 33. Rb3 Rd7 34. Nc2 h4 35.
Nb4 hxg3 36. hxg3 Rde7 37. Rd1 Rd6 38. Re1 Rde6 39. Rxe6+ fxe6 40. Nd3 Kf5 41.
Ke1 Ke4 42. Kd2 Rh7 43. Rb4 Kf5 44. Ke3 Re7 45. Ne5 Bb8 46. Nd3 e5 47. dxe5 Bxe5
48. Kd2 Bf6 49. Rf4+ Kg5 50. Rb4 Kf5 51. Kd1 Rh7 52. Rb6 Rh1+ 53. Kc2 Rh7 54.
Rd6 d4 55. cxd4 Rh2 56. Kc3 Rh7 57. Rd5+ Ke4 58. Kc4 1-0

[Event "World Rapid Championship"]
[Site "St Petersburg RUS"]
[Date "2018.12.26"]
[EventDate "2018.12.26"]
[Round "5.7"]
[Result "0-1"]
[White "Vladislav Artemiev"]
[Black "Alireza Firouzja"]
[WhiteElo "2709"]
[BlackElo "2607"]
[PlyCount "128"]

1. e4 e5 2. Nf3 Nf6 3. Nc3 Bb4 4. Nxe5 O-O 5. Be2 Re8 6. Nd3 Bxc3 7. dxc3 Nxe4
8. Nf4 d6 9. O-O Nd7 10. f3 Nef6 11. c4 Qe7 12. Rf2 Nc5 13. b3 Qe5 14. Rb1 Bd7
15. Bf1 Bc6 16. Qd2 Nfe4 17. fxe4 Nxe4 18. Qe3 Nc3 19. Qxe5 dxe5 20. Ra1 exf4
21. Bxf4 Re7 22. Bd2 Ne4 23. Bb4 Re6 24. Rf4 a5 25. Be1 b6 26. Rd1 Rae8 27. h4
h6 28. a3 Nf6 29. Bf2 Be4 30. Bd3 g5 31. hxg5 hxg5 32. Bxe4 gxf4 33. Bf3 Ne4 34.
Rd7 Nxf2 35. Kxf2 R8e7 36. Rd4 Rd6 37. Bd5 Kg7 38. Rxf4 Rf6 39. g3 Kg6 40. b4
Kg5 41. Kf3 Re1 42. c5 Rf1+ 43. Ke3 R1xf4 44. gxf4+ Rxf4 45. cxb6 cxb6 46. c4
axb4 47. axb4 f5 48. Kd3 Kf6 49. Ba8 Ke5 50. Kc3 Kd6 51. Bb7 Rh4 52. Kd3 Ke5 53.
Bf3 Rh3 54. Ke3 Rh2 55. c5 bxc5 56. bxc5 Rc2 57. c6 Rc3+ 58. Ke2 Kf4 59. Bh1 Rc1
60. Bd5 Ke5 61. Bf3 Kd4 62. Kd2 Rc3 63. Bh1 Rh3 64. Bg2 Rh2 0-1

[Event "World Rapid Championship"]
[Site "St Petersburg RUS"]
[Date "2018.12.27"]
[EventDate "2018.12.26"]
[Round "6.2"]
[Result "0-1"]
[White "Alireza Firouzja"]
[Black "Dmitry Andreikin"]
[WhiteElo "2607"]
[BlackElo "2719"]
[PlyCount "108"]

1. d4 Nf6 2. c4 e6 3. g3 Bb4+ 4. Nd2 c5 5. Nf3 cxd4 6. Nxd4
Qb6 7. a3 Bxd2+ 8. Qxd2 Nc6 9. Nb5 d5 10. Qe3 d4 11. Nd6+ Ke7
12. Qg5 h6 13. Nxc8+ Raxc8 14. Qb5 Qxb5 15. cxb5 Na5 16. Bd2
Nb3 17. Bb4+ Kd7 18. Rb1 Nd5 19. Bg2 Nxb4 20. axb4 Rc4
21. Bxb7 Rxb4 22. Ba6 e5 23. f3 Rb8 24. Kf2 Nc5 25. Rbc1 Kd6
26. Rc2 Rb6 27. Rhc1 Nxa6 28. Rc6+ Kd7 29. Rxb6 axb6 30. bxa6
Ra4 31. f4 Rxa6 32. fxe5 Ra2 33. Rc2 Ra5 34. Kf3 Rxe5 35. Rd2
Re3+ 36. Kf2 Re4 37. e3 Kd6 38. exd4 Kd5 39. Rc2 Rxd4 40. Ke3
Re4+ 41. Kd3 Rd4+ 42. Ke3 Rb4 43. Rc7 Rb3+ 44. Kf4 Rxb2 45. h4
Rf2+ 46. Ke3 Rf6 47. h5 b5 48. g4 b4 49. Rc8 Rb6 50. Rd8+ Ke5
51. Re8+ Kf6 52. Kd2 b3 53. Kc1 b2+ 54. Kb1 Rb4 0-1

[Event "World Rapid Championship"]
[Site "St Petersburg RUS"]
[Date "2018.12.27"]
[EventDate "2018.12.26"]
[Round "7.9"]
[Result "1/2-1/2"]
[White "Viswanathan Anand"]
[Black "Alireza Firouzja"]
[WhiteElo "2773"]
[BlackElo "2607"]
[PlyCount "124"]

1. e4 c5 2. Nf3 d6 3. d4 cxd4 4. Nxd4 Nf6 5. Nc3 Nc6 6. Bg5 e6
7. Qd2 a6 8. O-O-O Be7 9. Bxf6 gxf6 10. f4 Qc7 11. Nf3 Bd7
12. Kb1 O-O-O 13. Bd3 Kb8 14. Rhe1 h5 15. g3 Rc8 16. Bf1 Na5
17. Re3 Qb6 18. Qe1 Rc7 19. Nd4 Rhc8 20. Nb3 Nc4 21. Bxc4 Rxc4
22. Red3 a5 23. Nd4 a4 24. Qe3 Qc5 25. a3 b5 26. Nf3 Qxe3
27. Rxe3 b4 28. axb4 Rxb4 29. Rd4 Rxd4 30. Nxd4 Rc5 31. Rd3
Bd8 32. Nde2 Bc7 33. Rd4 Ra5 34. Ka2 Kb7 35. Nc1 Bc6 36. Nd3
e5 37. Rc4 Bb6 38. Nb4 Rc5 39. Rxc5 Bxc5 40. Nxc6 Kxc6 41. f5
Bg1 42. h3 Kc5 43. Nd5 Bf2 44. c3 Kc4 45. g4 hxg4 46. hxg4 Kd3
47. Nxf6 Bh4 48. Ne8 d5 49. exd5 e4 50. f6 e3 51. d6 e2 52. d7
e1=Q 53. d8=Q+ Kc2 54. Qe7 Qb1+ 55. Ka3 Qxb2+ 56. Kxa4 Qb3+
57. Ka5 Qxc3+ 58. Kb6 Qd4+ 59. Kc6 Qxg4 60. Qxf7 Qa4+ 61. Kb7
Qb5+ 62. Kc8 Qc6+ 1/2-1/2

[Event "World Rapid Championship"]
[Site "St Petersburg RUS"]
[Date "2018.12.27"]
[EventDate "2018.12.26"]
[Round "8.12"]
[Result "1-0"]
[White "Alireza Firouzja"]
[Black "David Anton Guijarro"]
[WhiteElo "2607"]
[BlackElo "2642"]
[PlyCount "101"]

1. e4 e5 2. Nf3 Nc6 3. Bb5 a6 4. Ba4 Nf6 5. O-O Nxe4 6. d4 b5
7. Bb3 d5 8. dxe5 Be6 9. Nbd2 Be7 10. c3 O-O 11. Bc2 f5
12. Nb3 Qd7 13. Nbd4 Nd8 14. Bb3 c6 15. a4 b4 16. cxb4 Bxb4
17. Ng5 Rb8 18. a5 Be7 19. Nh3 Bc5 20. Ba4 Qc7 21. Kh1 Bxd4
22. Qxd4 c5 23. Qd1 c4 24. Nf4 Qxe5 25. f3 Nc5 26. Re1 Qd6
27. Be3 Nxa4 28. Rxa4 Qc6 29. Bb6 Bf7 30. Ra1 Qd6 31. Qd2 Nc6
32. Rad1 Rfe8 33. Rxe8+ Rxe8 34. h3 Re5 35. Ne2 Qb4 36. Nc3
Qd6 37. f4 Re8 38. Nxd5 h6 39. Nc7 Qxd2 40. Rxd2 Re1+ 41. Kh2
Ra1 42. Nd5 Kh7 43. Ne3 Nxa5 44. Nxf5 Bg6 45. Rd5 Nc6 46. Ne3
Bd3 47. Rd6 Nb4 48. Bd4 Kg8 49. Rd7 Nc6 50. Bxg7 Be4 51. Ng4
1-0

[Event "World Rapid Championship"]
[Site "St Petersburg RUS"]
[Date "2018.12.28"]
[EventDate "2018.12.26"]
[Round "11.19"]
[Result "1-0"]
[White "Alireza Firouzja"]
[Black "Alexander Motylev"]
[WhiteElo "2607"]
[BlackElo "2644"]
[PlyCount "117"]

1. c4 Nf6 2. Nc3 e5 3. Nf3 Nc6 4. a3 g6 5. g3 d5 6. cxd5 Nxd5
7. Bg2 Nde7 8. b4 Bg7 9. Bb2 O-O 10. O-O h6 11. Rc1 Kh7 12. d3
Rb8 13. e3 a6 14. Qc2 Bg4 15. h3 Be6 16. Ne4 Bd5 17. Nc5 f5
18. e4 Bg8 19. Rfe1 f4 20. h4 Qc8 21. Kh2 b6 22. Nb3 Qd7
23. Red1 Be6 24. Nbd2 Bg4 25. Qc4 b5 26. Qc5 Qe6 27. Rf1 Rbd8
28. Qc2 Qd6 29. Nb3 Qxd3 30. Nc5 Qxc2 31. Rxc2 a5 32. bxa5 Nd4
33. Nxd4 exd4 34. Nd3 fxg3+ 35. Kxg3 Be6 36. Rxc7 Rf7 37. Rfc1
Bc4 38. R1xc4 bxc4 39. Rxc4 Rb8 40. a6 Ra8 41. Ra4 Rf6 42. a7
Rf7 43. h5 gxh5 44. f4 Ng6 45. e5 Raxa7 46. Rxd4 Ne7 47. Be4+
Kg8 48. Rd8+ Rf8 49. Rxf8+ Bxf8 50. f5 Nxf5+ 51. Bxf5 Bxa3
52. Bd4 Ra4 53. Be3 Kg7 54. Nf4 h4+ 55. Kg2 Bb2 56. Nh5+ Kh8
57. e6 Ra5 58. e7 Re5 59. Bc5 1-0

[Event "World Rapid Championship"]
[Site "St Petersburg RUS"]
[Date "2018.12.28"]
[EventDate "2018.12.26"]
[Round "12.9"]
[Result "0-1"]
[White "Peter Svidler"]
[Black "Alireza Firouzja"]
[WhiteElo "2737"]
[BlackElo "2607"]
[PlyCount "66"]

1. c4 g6 2. d4 Bg7 3. Nf3 Nf6 4. g3 O-O 5. Bg2 d6 6. O-O Ne4
7. Qc2 f5 8. Nc3 Nxc3 9. Qxc3 Nc6 10. Rd1 Qe8 11. Qb3 e5
12. c5+ Kh8 13. d5 Nd8 14. Qa3 Nf7 15. Ng5 Nxg5 16. Bxg5 f4
17. cxd6 cxd6 18. Qxd6 h6 19. Be7 Rf7 20. Qxg6 Bf5 21. Qh5
Qxe7 22. d6 Qf6 23. Rd5 Bg6 24. Qg4 Rd8 25. Rad1 Rfd7 26. gxf4
exf4 27. R1d4 Rxd6 28. Rxf4 Qe7 29. Rxd6 Rxd6 30. e3 Kh7
31. h4 h5 32. Qe2 Be5 33. Rb4 b6 0-1

[Event "World Rapid Championship"]
[Site "St Petersburg RUS"]
[Date "2018.12.28"]
[EventDate "2018.12.26"]
[Round "14.8"]
[Result "1-0"]
[White "Anton Korobov"]
[Black "Alireza Firouzja"]
[WhiteElo "2698"]
[BlackElo "2607"]
[PlyCount "91"]

1. d4 Nf6 2. c4 g6 3. Nc3 Bg7 4. e4 d6 5. f3 O-O 6. Nge2 c5
7. d5 e6 8. Bg5 h6 9. Be3 exd5 10. cxd5 a6 11. Qd2 h5 12. a4
Nbd7 13. Nc1 Rb8 14. Be2 Ne5 15. h3 b5 16. axb5 axb5 17. Nxb5
h4 18. O-O Bd7 19. Nc3 Rb4 20. b3 Re8 21. Ra3 Rd4 22. Qc2 Nh5
23. f4 Ng3 24. fxe5 Nxf1 25. Bxf1 Bxe5 26. Nd3 Bg7 27. Nf2 Rb4
28. Bc4 Qf6 29. Nb1 Rbb8 30. Ra7 Red8 31. Qa2 Qe5 32. Nd2 Qc3
33. Bg5 Qc1+ 34. Bf1 Bd4 35. Nf3 Be3 36. Bxd8 Rxd8 37. Qe2 c4
38. Rc7 c3 39. e5 Bb6 40. Rb7 Bc5 41. e6 c2 42. Rxd7 Rxd7
43. exd7 Bb6 44. Nd4 Bxd4 45. d8=Q+ Kg7 46. Qxh4 1-0

[Event "World Rapid Championship"]
[Site "St Petersburg RUS"]
[Date "2018.12.28"]
[EventDate "2018.12.26"]
[Round "15.12"]
[Result "1-0"]
[White "Alireza Firouzja"]
[Black "Sergei Zhigalko"]
[WhiteElo "2607"]
[BlackElo "2604"]
[PlyCount "73"]

1. Nf3 d5 2. d4 e6 3. c4 c6 4. Qc2 dxc4 5. Qxc4 Nf6 6. g3 b5
7. Qb3 Bb7 8. Bg2 Nbd7 9. O-O a6 10. a4 Be7 11. Bg5 O-O
12. Nbd2 Rc8 13. Rfc1 Qb6 14. Ne5 Qxd4 15. Ndf3 Qb4 16. Qxb4
Bxb4 17. Bxf6 Nxf6 18. Nd4 bxa4 19. Rxa4 a5 20. Nexc6 Rc7
21. Rca1 Rfc8 22. Nxb4 axb4 23. Rxb4 Bxg2 24. Kxg2 g6 25. Rba4
Nd5 26. e4 Nf6 27. Nb5 Rc2 28. Nd6 R8c6 29. e5 Nd7 30. Ra8+
Kg7 31. R1a5 Rxb2 32. Rd8 Nb6 33. Ra7 Rcc2 34. Rxf7+ Kh6
35. Rh8 Nd5 36. Rhxh7+ Kg5 37. Ne4+ 1-0

[Event "World Blitz Championship"]
[Site "St Petersburg RUS"]
[Date "2018.12.29"]
[EventDate "2018.12.29"]
[Round "12"]
[Result "1-0"]
[White "Vladislav Kovalev"]
[Black "Alireza Firouzja"]
[WhiteElo "2553"]
[BlackElo "2667"]
[PlyCount "156"]

1. e4 g6 2. d4 Bg7 3. Nc3 d6 4. Be3 a6 5. Nf3 Nd7 6. Qd2 b5 7. h4 Bb7 8. h5
b4 9. Nd5 Bxd5 10. exd5 Ngf6 11. Qxb4 Nxd5 12. Qd2 Nxe3 13. Qxe3 e6 14. Bd3
Nf6 15. hxg6 hxg6 16. Rxh8+ Bxh8 17. O-O-O Nd5 18. Qh6 Qf6 19. Be4 c6 20.
Qd2 Kf8 21. Re1 Bg7 22. c3 Kg8 23. Kc2 Ne7 24. Qg5 a5 25. Qxf6 Bxf6 26. a4
Rc8 27. Nd2 d5 28. Bd3 c5 29. dxc5 Rxc5 30. Nb3 Rc7 31. Nxa5 Ra7 32. b4 Rc7
33. c4 Bd4 34. Re2 Bb6 35. Kb3 Bxa5 36. bxa5 Nc6 37. Kb2 dxc4 38. Bc2 Nxa5
39. Kc3 Kg7 40. Re5 Ra7 41. Rb5 f5 42. f3 Kf6 43. g4 Nc6 44. gxf5 gxf5 45.
f4 Ne7 46. Kxc4 Nd5 47. a5 Rc7+ 48. Rc5 Ne3+ 49. Kb5 Rb7+ 50. Kc6 Rb4 51.
a6 Rb2 52. Ba4 Ra2 53. Kb5 Rb2+ 54. Ka5 Rb8 55. a7 Ra8 56. Ka6 Ng2 57. Rc4
Ne3 58. Rd4 e5 59. Rd6+ Ke7 60. fxe5 Nc4 61. Rf6 Nxe5 62. Rxf5 Nc4 63. Bc6
Rc8 64. a8=Q Rxa8+ 65. Bxa8 Nd6 66. Rf1 Ne8 67. Bc6 Nc7+ 68. Kb6 Ne6 69.
Re1 Kd6 70. Rd1+ Ke7 71. Bg2 Nf4 72. Bf3 Ng6 73. Kc5 Ne5 74. Be2 Kf6 75.
Kd5 Ng6 76. Rf1+ Ke7 77. Bd3 Nf8 78. Bf5 1-0

[Event "World Blitz Championship"]
[Site "St Petersburg RUS"]
[Date "2018.12.29"]
[EventDate "?"]
[Round "1"]
[Result "0-1"]
[White "Yan Dzhumagaliev"]
[Black "Alireza Firouzja"]
[WhiteElo "2489"]
[BlackElo "2667"]
[PlyCount "78"]

1. Nf3  d6  2. d4  Nf6  3. g3  g6  4. Bg2  Bg7
 5. O-O  O-O  6. a4  Na6  7. Nc3  c5  8. a5
 Nb4  9. e4  Bg4 
10. d5  e6  11. dxe6  Bxe6  12. Bf4  d5  13. Ng5 
Bg4  14. Qc1  d4  15. Na2  h6  16. Nf3  Nxa2  17.
Rxa2  g5  18. Be5  Be6  19. Ra3  Nxe4  20. Bxg7  Kxg7  21. a6  b5  22.
b4  cxb4  23. Rd3  Nc3  24. Re1  Bc4  25. Rxd4 
Qf6  26. Rd2  Rae8  27. h4  Ne2+  28. Rdxe2  Rxe2 
29. hxg5 hxg5  30. Rxe2  Bxe2 
31. Nxg5  Rd8  32. Ne4  Qe5
 33. Qe3  Rd1+  34. Kh2  Qh5+  35. Bh3  Bf3  36.
g4  Rh1+  37. Kg3  Rxh3+  38. Kf4  Qxg4+  39. Ke5  Qxe4+  0-1